000 002520000a22000970004500
245 1 0 _aMiguel angel Suazo (1931-1993)
300 _aVol.48, núm.209 (1993), p. 26-27
650 1 4 _aEDUCACIÓN CRISTIANA
773 0 _tLa Biblia en las Américas
942 _cANA
999 _c62901
_d62901